<?xml version="1.0" encoding="UTF-8"?>
<collection xmlns="http://www.loc.gov/MARC21/slim">
  <record>
    <leader>00000nam  2200000   4500</leader>
    <controlfield tag="001">INLIS000000000011542</controlfield>
    <controlfield tag="005">20211126124114</controlfield>
    <datafield tag="035" ind1="#" ind2="#">
      <subfield code="a">0010-1121000284</subfield>
    </datafield>
    <datafield tag="245" ind1="1" ind2="#">
      <subfield code="a">DIGITALISASI ARSIP SURAT KELUAR MASUK (GitAr SuKMa) DINAS PENANAMAN MODAL DAN PELAYANAN TERPADU SATU PINTU KABUPATEN KUTAI TIMUR /</subfield>
      <subfield code="c">Siti Sulhan Azikin ST., M.Si.</subfield>
    </datafield>
    <datafield tag="100" ind1="1" ind2="#">
      <subfield code="a">AZIKIN, Siti Sulhan</subfield>
    </datafield>
    <datafield tag="250" ind1="#" ind2="#">
      <subfield code="a">1</subfield>
    </datafield>
    <datafield tag="300" ind1="#" ind2="#">
      <subfield code="a">vii, 37 halaman; lampiran :</subfield>
      <subfield code="b">ilustrasi ;</subfield>
      <subfield code="c">30 cm</subfield>
    </datafield>
    <datafield tag="260" ind1="#" ind2="#">
      <subfield code="a">Samarinda :</subfield>
      <subfield code="b">Puslatbang KDOD,</subfield>
      <subfield code="c">2021</subfield>
    </datafield>
    <datafield tag="084" ind1="#" ind2="#">
      <subfield code="a">PKP 234 2021</subfield>
    </datafield>
    <datafield tag="650" ind1="#" ind2="#">
      <subfield code="a">Proyek Perubahan</subfield>
    </datafield>
    <datafield tag="650" ind1="#" ind2="#">
      <subfield code="a">Pengawas</subfield>
    </datafield>
    <datafield tag="650" ind1="#" ind2="#">
      <subfield code="a">teknologi informasi</subfield>
    </datafield>
    <datafield tag="650" ind1="#" ind2="#">
      <subfield code="a">sistem informasi</subfield>
    </datafield>
    <datafield tag="650" ind1="#" ind2="#">
      <subfield code="a">inovasi pemerintah</subfield>
    </datafield>
    <datafield tag="650" ind1="#" ind2="#">
      <subfield code="a">administrasi negara</subfield>
    </datafield>
    <datafield tag="650" ind1="#" ind2="#">
      <subfield code="a">persuratan perkantoran</subfield>
    </datafield>
    <datafield tag="520" ind1="#" ind2="#">
      <subfield code="a">Laporan proyek perubahan ini menjelaskan tentang kebutuhan sistem otomasi untuk organisasi pemerintah dalam persaingan global untuk mendukung proses kerja administrasi manajemen birokrasi menghadapi perubahan. Proyek perubahan Gitar Sukma (Digitalisasi Arsip Surat Keluar Masuk) adalah sistem pengelolaan surat yang disusun dengan menggunakan teknologi elektronik komputer interkoneksi pengguna dilakukan melalui fasilitas internal Pemerintah Kabupaten Kutai Timur sehingga dapat diakses semua satuan kerja perangkat daerah (SKPD) dengan pembatasan akses tertentu demi keamanan.</subfield>
    </datafield>
    <datafield tag="500" ind1="#" ind2="#">
      <subfield code="a">Coach : Veronika Hanna Naibaho&#13;
Penguji : Windra Mariani, SH&#13;
Mentor : Sauful Ahmad, ST., M.Si</subfield>
    </datafield>
    <datafield tag="990" ind1="#" ind2="#">
      <subfield code="a">PKP/234/2021</subfield>
    </datafield>
  </record>
</collection>
